ឯកសារ មហាបុរសខ្មែរ : (Record no. 3729)
[ view plain ]
| 000 -LEADER | |
|---|---|
| fixed length control field | 01641nam a22002177a 4500 |
| 001 - CONTROL NUMBER | |
| control field | 3729 |
| 003 - CONTROL NUMBER IDENTIFIER | |
| control field | FISKH |
| 005 - DATE AND TIME OF LATEST TRANSACTION | |
| control field | 20240425095806.0 |
| 008 - FIXED-LENGTH DATA ELEMENTS--GENERAL INFORMATION | |
| fixed length control field | 240425b cb ||||| |||| 00| 0 eng d |
| 040 ## - CATALOGING SOURCE | |
| Original cataloging agency | FISKH |
| Language of cataloging | khr |
| Transcribing agency | FISKH |
| Modifying agency | FISKH |
| 050 ## - LIBRARY OF CONGRESS CALL NUMBER | |
| Classification number | PZ7 |
| 082 ## - DEWEY DECIMAL CLASSIFICATION NUMBER | |
| Classification number | 959.6033 |
| 100 ## - MAIN ENTRY--PERSONAL NAME | |
| Personal name | Sot, Eng |
| 245 ## - TITLE STATEMENT | |
| Title | ឯកសារ មហាបុរសខ្មែរ : |
| Remainder of title | ព្រះរាជពង្សាវតារខ្មែរ តាមសាស្រ្តាស្លឹករឹត ពិតឥតក្លែងក្លាយ / |
| Statement of responsibility, etc. | អ្នកស្រាវជ្រាវ អេង សុត ; សមាជិកនៃគណកម្មការ ប្រវត្តិសាស្រ្ត និងវប្បធម៍ |
| 260 ## - PUBLICATION, DISTRIBUTION, ETC. | |
| Place of publication, distribution, etc. | ភ្នំពេញ: |
| Name of publisher, distributor, etc. | គ្រឹះស្ថានបោះពុម្ព និង ចែកផ្សាយ នៃក្រសួងអប់រំ យុវជន និង កីឡា, |
| Date of publication, distribution, etc. | 2001. |
| 300 ## - PHYSICAL DESCRIPTION | |
| Extent | 250 pages : |
| Other physical details | illustrations ; |
| Dimensions | 25 cm |
| 520 ## - SUMMARY, ETC. | |
| Summary, etc. | សៀវភៅនេះបានវេញបញ្ចូលគ្នានូវឯកសារមហាបុរសខ្មែរទាំង ៧។ វានិយាយពីពង្សាវតារខ្មែរពីសម័យផែនដីព្រះបាទអង្គជ័យ រហូតដល់ផែនដីព្រះបាទនរោត្តម។ |
| 520 ## - SUMMARY, ETC. | |
| Summary, etc. | This book is a compilation of the documents of the seven great Khmer heroes. It talks about the Khmer genealogy from the time of King Ang Chey to the time of King Norodom. |
| 942 ## - ADDED ENTRY ELEMENTS (KOHA) | |
| Source of classification or shelving scheme | Dewey Decimal Classification |
| Koha item type | Khmer Books |
| Suppress in OPAC | No |
| Withdrawn status | Lost status | Source of classification or shelving scheme | Damaged status | Not for loan | Collection | Home library | Current library | Shelving location | Date acquired | Total Checkouts | Full call number | Barcode | Date last seen | Copy number | Price effective from | Koha item type |
|---|---|---|---|---|---|---|---|---|---|---|---|---|---|---|---|---|
| Dewey Decimal Classification | Reference | Footprints International School Library Network Toul Kork Campus | Footprints International School Library Network Toul Kork Campus | TK Old Khmer Books (Rear Hallway Shelf 3) | 04/25/2024 | SOT 959.6033 PZ7 | FISTK03559 | 04/25/2024 | 1 | 04/25/2024 | Khmer Books | |||||
| Dewey Decimal Classification | Khmer Language Books / សៀវភៅភាសាខ្មែរ | Footprints International School Library Network Toul Tom Poung Campus | Footprints International School Library Network Toul Tom Poung Campus | TTP Secondary Khmer Bookshelves | 10/28/2025 | SOT 959.6033 PZ7 | FIS04010 | 10/28/2025 | 2 | 10/28/2025 | Khmer Books |
